LEADER 02101nam a2200445 a 4500 001 000000041082 003 CaOOAMICUS 005 20120717123657.0 008 980929m19989999it u000 u ita r 020 $a8802052956 020 $a978-88-598-0808-4 (v. 4) 035 $a10804511 040 $aMSA$bita$dPUL$dLDB 082 04$a346.45 100 1 $aMonateri, Pier Giuseppe.$0(OLS)http://pul/name/25059 245 13$aLe fonti delle obbligazioni /$cPier Giuseppe Monateri. 246 30$aResponsabilità civile 260 $aTorino :$bUTET Giuridica,$c1998- 300 $av. ;$c25 cm 490 1 $aTrattato di diritto civile / diretto da Rodolfo Sacco 504 $aBibliografia in nota. 505 1 $aV. 3. La responsabilità civile / Monateri. -- v. 4. Il contratto del consumatore / Pier Filippo Giuggioli. 650 4$aDiritto civile$zItalia.$0(OLS)http://pul/subject/3770 650 4$aResponsabilità civile.$0(OLS)http://pul/subject/17546 650 4$aConsumo (diritto).$0(OLS)http://pul/subject/34336 700 1 $aGiuggioli, Pier Filippo.$0(OLS)http://pul/name/83039 740 32$aIl contratto del consumatore. 830 0$aTrattato di diritto civile / diretto da Rodolfo Sacco.$0(OLS)http://pul/title/131318 850 $aPUL 852 $aPUL$W1$xSL Diritto e Scienze Sociali 3$y79$m346. 45 SACRO 1.6,3$j55712$nBK-PRI$qDDC 21$B55712$CPULBib$Z2$F55712 $82 852 $aPUL$W1$xSL Diritto e Scienze Sociali 3$y79$m346. 45 SACRO 1.6.4$j150170$av. 4$qDDC 21$B148713$CPULBib$Z2$F148713 $H120436 $82 941 1 $a9 996 $6020$a8802052956$9(OLS)http://pul/number/51118 996 $6020$a978-88-598-0808-4 (v. 4)$9(OLS)http://pul/number/150315 996 $6082$a346.45$9(OLS)http://pul/classification/372 996 $6246$aResponsabilità civile$9(OLS)http://pul/title/55425 996 $6245$aLe fonti delle obbligazioni$9(OLS)http://pul/title/59788 996 $6740$aIl contratto del consumatore$9(OLS)http://pul/title/163941 996 $6260$aTorino :$bUTET Giuridica$9(OLS)http://pul/publisher/79191 LEADER 01230nam a2200301 u 4500 001 000000052981 003 CaOOAMICUS 005 20070226115517.0 008 001031s1991 it u000 u ita u 020 $a8823780055 035 $a10859998 040 $aPUL$bita 041 0 $aita$agrc 100 1 $aDeiana, Giovanni.$0(OLS)http://pul/name/1248 245 10$aGuida allo studio dell'Ebraico biblico /$cGiovanni Deiana, Ambrogio Spreafico ; presentazione di Jan Alberto Soggin. 250 $a2. ed. 260 $aRoma :$bLibreria Sacre Scritture,$c1991. 300 $a167 p. ;$c25 cm 630 04$aBiblia.$pN.T.$xLingua e stile.$0(OLS)http://pul/subject/5669 700 1 $aSoggin, Jan Alberto.$0(OLS)http://pul/name/19432 700 1 $aSpreafico, Ambrogio.$0(OLS)http://pul/name/6781 850 $aPUL 852 $aPUL$W1$xCollocazioni Temporanee$y24$m1.6.I.10$j69944$nBK-PRI$b $qStampati$B69944$CPULBib$Z2$F69944 $H $81 941 1 $a8 961 $aINV: 67940 996 $6020$a8823780055$9(OLS)http://pul/number/8619 996 $6245$aGuida allo studio dell'Ebraico biblico$9(OLS)http://pul/title/9804 996 $6260$aRoma :$bLibreria Sacre Scritture$9(OLS)http://pul/publisher/49195